00532nam a2200217Ia 450000500170000000800460001702000180006303700100008104000080009104000080009904000080010704100080011504100080012308400080013110000180013924500410015726000130019826000090021165000330022085600610025320260324152727.0008 260324s9999 xx 000 0 eng d a9780123964533 aEBOOK aCRL beng cCRL 2eng aeng qCRL aPapale, Paolo 0aVolcanic Hazards Risks and Disasters bElsevier c2014 aEarth and Planetary Sciences uhttps://www.sciencedirect.com/science/book/9780123964533